Memorias del cautivo en la goleta de Túnez / (Record no. 181590)
[ view plain ]
| 000 -LEADER | |
|---|---|
| campo de control de longitud fija | 01447nam a2200313 i 4500 |
| 001 - NÚMERO DE CONTROL | |
| campo de control | 181590 |
| 003 - IDENTIFICADOR DE NÚMERO DE CONTROL | |
| campo de control | ES-MaACL |
| 005 - FECHA Y HORA DE LA ÚLTIMA TRANSACCIÓN | |
| campo de control | 20250824085053.0 |
| 008 - DATOS DE LONGITUD FIJA--INFORMACIÓN GENERAL | |
| campo de control de longitud fija | 130221s1875 sp | |||||||| | spa d |
| 080 ## - NÚMERO DE LA CLASIFICACIÓN DECIMAL UNIVERSAL | |
| Número de la Clasificación Decimal Universal | 821.134.2-1"15" |
| 080 ## - NÚMERO DE LA CLASIFICACIÓN DECIMAL UNIVERSAL | |
| Número de la Clasificación Decimal Universal | 929 Aguilar, Pedro de (alférez) |
| 080 ## - NÚMERO DE LA CLASIFICACIÓN DECIMAL UNIVERSAL | |
| Número de la Clasificación Decimal Universal | 94(460)"1556/98"(093.3) |
| 080 ## - NÚMERO DE LA CLASIFICACIÓN DECIMAL UNIVERSAL | |
| Número de la Clasificación Decimal Universal | 94(611)"1516/1881"(093.3) |
| 100 1# - ENTRADA PRINCIPAL--NOMBRE DE PERSONA | |
| Nombre de persona | Aguilar, Pedro de |
| Títulos y otros términos asociados al nombre | (alférez) |
| 9 (RLIN) | 152321 |
| 245 10 - MENCIÓN DEL TÍTULO | |
| Título | Memorias del cautivo en la goleta de Túnez / |
| Mención de responsabilidad, etc. | (el Alférez Pedro de Aguilar) ; del original en poder de Tyssen Amhurst, Esq.re, de Didlington Hall, Norfolk. |
| 260 ## - PUBLICACIÓN, DISTRIBUCIÓN, ETC. | |
| Lugar de publicación, distribución, etc. | Madrid : |
| Nombre del editor, distribuidor, etc. | Sociedad de Bibliófilos Españoles, |
| Fecha de publicación, distribución, etc. | 1875 ( |
| Fabricante | Imp., Estereotipia y Galvanoplastia de Aribau y Cª) |
| 300 ## - DESCRIPCIÓN FÍSICA | |
| Extensión | XX, 314 p. ; |
| Dimensiones | 23 cm. |
| 490 1# - MENCIÓN DE SERIE | |
| Mención de serie | Sociedad de Bibliófilos Españoles ; |
| Designación de volumen o secuencia | 13 |
| 530 ## - NOTA DISPONIBLE DE FORMULARIO FÍSICO ADICIONAL | |
| Nota de formato físico adicional disponible | Disponible en formato digital. |
| 600 14 - PUNTO DE ACCESO ADICIONAL DE MATERIA--NOMBRE DE PERSONA | |
| Nombre de persona | Aguilar, Pedro de |
| Títulos y otros términos asociados al nombre | (alférez) |
| 9 (RLIN) | 152321 |
| 651 #4 - PUNTO DE ACCESO ADICIONAL DE MATERIA--NOMBRE GEOGRÁFICO | |
| Nombre geográfico | Túnez- |
| Subdivisión general | Historia- |
| Subdivisión cronológica | 1516-1881- |
| Subdivisión de forma | Relatos personales españoles. |
| 9 (RLIN) | 152322 |
| 651 #4 - PUNTO DE ACCESO ADICIONAL DE MATERIA--NOMBRE GEOGRÁFICO | |
| Nombre geográfico | España- |
| Subdivisión general | Historia- |
| Subdivisión cronológica | 1556-1598, Felipe II- |
| Subdivisión de forma | Relatos personales. |
| 9 (RLIN) | 173252 |
| 710 2# - ENTRADA AGREGADA--NOMBRE DE ENTIDAD CORPORATIVA | |
| Nombre de entidad corporativa o nombre de jurisdicción como elemento de entrada | Sociedad de Bibliófilos Españoles. |
| 9 (RLIN) | 6661 |
| 830 10 - PUNTO DE ACCESO ADICIONAL DE SERIE-TÍTULO UNIFORME | |
| Título uniforme | Sociedad de Bibliófilos Españoles |
| Designación de volumen o secuencia | 13 |
| 9 (RLIN) | 187662 |
| 852 4# - LOCALIZACIÓN | |
| Ubicación | ES-MaACL |
| Número de control de estantería | J-7(13) |
| 856 4# - LOCALIZACIÓN Y ACCESO ELECTRÓNICOS | |
| Identificador Uniforme de Recursos | <a href="http://bdh-rd.bne.es/viewer.vm?id=0000255867&page=1 ">http://bdh-rd.bne.es/viewer.vm?id=0000255867&page=1 </a> |
| Nota pública | Biblioteca Digital Hispánica |
| 856 4# - LOCALIZACIÓN Y ACCESO ELECTRÓNICOS | |
| Identificador Uniforme de Recursos | <a href="https://archive.org/details/memoriasdelcauti00gaya ">https://archive.org/details/memoriasdelcauti00gaya </a> |
| Nota pública | Internet Archive |
| Estatus retirado | Estado de pérdida | Estado de daño | No para préstamo | Colección | Biblioteca de origen | Biblioteca actual | Ubicación en estantería | Fecha de adquisición | Fuente de adquisición | Total de préstamos | Signatura topográfica completa | Código de barras | Visto por última vez | Precio de reemplazo | Tipo de ítem Koha |
|---|---|---|---|---|---|---|---|---|---|---|---|---|---|---|---|
| Colección digital | Biblioteca del Ateneo de Madrid | Biblioteca del Ateneo de Madrid | Depósito 2 | 21/02/2013 | J-7(13) | 1190834 | 23/02/2023 | 23/02/2023 | Libro impreso antiguo |
